| 000 | 01280nam a2200289 i 4500 | ||
|---|---|---|---|
| 003 | DO-SdBNP | ||
| 005 | 20250116073946.0 | ||
| 007 | ta | ||
| 008 | 240506e1997 dr aobc| |||| 00| 0 spa d | ||
| 040 |
_aDO-SdBNP _bspa _cBNPHU _erda |
||
| 082 | 4 |
_222 _bG643c |
|
| 100 |
_aGonzález Canalda, María Filomena, _d1952- _965322 _eautor |
||
| 245 |
_aCiencias sociales 8 : _boctavo grado/ _cMaría Filomena González y Rubén Silié ; ilustración, Rubén Peña |
||
| 264 |
_aSanto Domingo : _bSEEC, _c1997. |
||
| 300 |
_a218 páginas : _bilustraciones, fotografías, mapas , retratos ; _c27 cm. |
||
| 336 |
_2rdacontent _atexto _btxt |
||
| 337 |
_2rdamedia _asin mediación _bn |
||
| 338 |
_2rdacarrier _avolumen _bnc |
||
| 504 | _aBibliografía : páginas 213 - 218 | ||
| 505 |
_aUnidad I-- _tNuestro País a Inicios del Siglo XX-- _gUnidad II-- _tLa Ocupación Militar Estadounidense y la Dictadura de Trujillo-- _gUnidad III- _tConstruyendo nuetro Presente. |
||
| 590 | _aInventariado 2024 / MF | ||
| 650 | 4 |
_aCiencias Sociales _xEnseñanza _934584 _vLibro de Texto |
|
| 700 | 1 |
_aSilié, Rubén _d1946- _91421 _eautor |
|
| 700 | 1 |
_aPeña, Rubén, _972492 _eilustrador |
|
| 710 | 1 |
_aRepública Dominicana. _bSecretaría de Estado de Educación, Bellas Artes y Cultos _923965 |
|
| 942 |
_2ddc _cLBS1 |
||
| 999 |
_c56614 _d56614 |
||